Die Gegenkandidaten : komodie /

Bibliographic Details
Main Author: Fulda, Ludwig, 1862-1939
Other Authors: Coffman, Bertha Reed
Format: Book
Language:German
Published: Boston, New York [etc.] : D.C. Heath and company, [1934]
Series:Heath's modern language series.

MARC

Tag First Indicator Second Indicator Subfields
LEADER 00000cam a2200000 4500
001 in00000022881
005 20151007064159.0
008 780621s1934 mauc b 00000 ger
010 |a  34004962  
035 |a (OCoLC)03990832 
035 |9 AAD9245AM 
040 |a DLC  |c RBN  |d TXA  |d UtOrBLW 
049 |a TXAM  |c [69604] 
050 0 0 |a PT2611.U72  |b G38 1934 
082 0 |a 832.91 
092 |a 832  |b F962g 
100 1 |a Fulda, Ludwig,  |d 1862-1939. 
245 1 4 |a Die Gegenkandidaten :  |b komodie /  |c edited with notes, exercises, and vocabulary by Bertha Reed Coffman. 
264 1 |a Boston,  |a New York [etc.] :  |b D.C. Heath and company,  |c [1934] 
264 4 |c [©1934] 
300 |a xiii, 208 pages :  |b frontispiece (portrait) ;  |c 19 cm. 
336 |a text  |b txt  |2 rdacontent 
337 |a unmediated  |b n  |2 rdamedia 
338 |a volume  |b nc  |2 rdacarrier 
490 1 |a Heath's modern language series 
504 |a "The works of Fulda": pages xii-xiii. 
700 1 |a Coffman, Bertha Reed. 
830 0 |a Heath's modern language series. 
999 |a MARS 
999 f f |s c7089649-c2b4-3360-b670-8969f8efafc3  |i 8c4e8b6c-1645-3a35-b4ec-60021fbbb2c4  |t 0 
952 f f |p ric  |a Texas A&M University  |b Rellis Campus  |c Joint Library Facility  |d Remote Storage  |t 0  |e PT2611.U72 G38 1934  |h Library of Congress classification  |i unmediated -- volume  |m A14801352481 
998 f f |a PT2611.U72 G38 1934  |t 0  |l Remote Storage